000 00319nam a2200145Ia 4500
003 OSt
005 20240105155400.0
008 170523s9999 xx 000 0 und d
020 _a1403933006
040 _cIIMT UNIVERSITY, MEERUT
100 _aWOOD
245 0 _aINDUSTRIAL BUSINESS
260 _bPHI
942 _2ddc
_c02
999 _c1869
_d1869